00720 2200265 4500001002100000005001700021008004100038020001800079035002400097082001700121090002500138245006600163260004200229300002400271440003400295650002900329700000900358700001500367700000900382850001700391985000600408986001000414999001500424999001500439YOGYA-0209000003926820090227025444.0 ind  a979-22-1133-0 0010-020900000039268 a398.20959821 a398.20959821bLutlK aLUTUNG kasarungcolah dongeng Baby ; ilustrasi Baby...[et.al] aJakartabGramedia Pustaka Utamac2005 a61 hlmbilusc27 cm aSeri dongeng klasik Indonesia aCerita Rakyat Jawa Barat aBaby aYusuf, Mad aBaby aYOPDYOG(JSC) a2 artrev a05B0007583 a05B0007584